[Event "Olympiad Women 2024"]
[Site "Budapest HUN"]
[Date "2024.09.11"]
[Round "1.22"]
[Board "1"]
[White "Sandu, Mihaela"]
[Black "Aliu, Arlinda"]
[Result "1-0"]
[WhiteElo "2248"]
[BlackElo "1780"]
[PlyCount "111"]
[EventDate "2024.09.11"]
[WhiteTeam "Romania"]
[BlackTeam "Kosovo"]
[WhiteTeamCountry "ROU"]
[BlackTeamCountry "KOS"]

1. e4 d6 2. d4 Nf6 3. Nc3 g6 4. Nf3 Bg7 5. Be2 Nbd7 6. O-O O-O 7. Re1 e5 8. a4 c6 9. a5 ({RR} 9. Be3 exd4 10. Bxd4 Re8 11. Bf1 Qc7 12. a5 Ne5 13. Nxe5 dxe5 14. Bc5 Rd8 15. Qc1 Be6 16. f3 Nd7 17. Be7 Re8 18. Bb4 b5 19. a6 Qb6+ 20. Qe3 Bf8 21. Bxf8 Kxf8 22. b4 Rab8 23. Nd1 Qxe3+ {½-½ Cheparinov,I (2710)-Onischuk,V (2637) Wch Rapid Riadh 2017 (7)}) ({RR} 9. b3 Re8 10. Ba3 exd4 11. Nxd4 Nc5 12. Bf3 a5 13. Qd2 Bg4 14. Bxg4 Nxg4 15. h3 Nf6 16. e5 dxe5 17. Bxc5 Nd7 18. Nxc6 bxc6 19. Bd6 e4 20. Rad1 f5 21. Ne2 Qf6 22. Bf4 Nc5 23. Bg5 Qf7 {1-0 Al Tarbosh,W (2278)-Taspinar,Y (2298) Titled Tue 30th Jan Early 2024 (8)}) 9... Re8 10. dxe5 Nxe5 $146 ({RR} 10... dxe5 11. Bc4 Qc7 12. Be3 Nf8 13. Qe2 Ne6 14. Ng5 Nxg5 15. Bxg5 Rb8 16. b4 Nh5 17. Be3 Nf4 18. Qd1 Rd8 19. Qb1 Ra8 20. Na4 Qe7 21. Bf1 Bf8 22. c3 Qc7 23. Qc2 Bd7 24. f3 Ne6 25. Qf2 {1-0 Barbulescu,D (2465)-Seret,J (2455) World Team-ch01 1985 (8.4)}) ({RR} 10... dxe5 11. Bc4 h6 12. h3 Nh5 13. Qd6 Nf8 14. Qxd8 Rxd8 15. Na4 Be6 16. Bf1 Nd7 17. Be3 Bf8 18. Red1 Kg7 19. b3 Nhf6 20. Bd3 Bb4 21. Bd2 Bxd2 22. Rxd2 b5 23. axb6 axb6 24. Rad1 b5 25. Nc3 {½-½ Friedrich,N (2302)-Schmidt Schaeffer,S (2368) SUI-chT Switzerland 2013 (9.8)}) 11. h3 Qc7 12. Bf4 Be6 13. Nd4 Rad8 14. Nxe6 fxe6 15. Be3 Ra8 16. f4 Nf7 17. Qd2 d5 18. e5 Nd7 19. Bf3 Nh6 20. Bf2 Rf8 21. Ne2 Nf5 22. c4 Qd8 23. cxd5 cxd5 24. Bxd5 exd5 25. Qxd5+ Kh8 26. Rad1 Nxe5 27. fxe5 Qc7 28. Nc3 Rad8 29. Qc5 Qxc5 30. Bxc5 Rxd1 31. Rxd1 Re8 32. g4 Nh4 33. Bxa7 Nf3+ 34. Kg2 Nxe5 35. Bd4 Nc6 36. Bxg7+ Kxg7 37. b4 Nxb4 38. Rb1 Re3 39. Rxb4 Rxc3 40. Rxb7+ Kh6 41. a6 Ra3 42. a7 Kg5 43. Rxh7 Kf4 44. Rf7+ Kg5 45. Kf2 Kh4 46. Rh7+ Kg5 47. Ke2 Kf4 48. Kd2 g5 49. Kc2 Kg3 50. Kb2 Ra5 51. Kb3 Ra6 52. Kb4 Ra1 53. Kb5 Kf4 54. Kc6 Rc1+ 55. Kb7 Rb1+ 56. Kc7 1-0

[Event "Olympiad Women 2024"]
[Site "Budapest HUN"]
[Date "2024.09.11"]
[Round "1.22"]
[Board "2"]
[White "Recica, Jona"]
[Black "Voicu-Jagodzinsky, Carmen"]
[Result "0-1"]
[WhiteElo "1791"]
[BlackElo "2271"]
[PlyCount "72"]
[EventDate "2024.09.11"]
[WhiteTeam "Kosovo"]
[BlackTeam "Romania"]
[WhiteTeamCountry "KOS"]
[BlackTeamCountry "ROU"]

1. e4 c5 2. Nc3 Nc6 3. f4 g6 4. Nf3 Bg7 5. Bb5 Nd4 6. O-O a6 7. Bc4 b5 8. Bd5 Ra7 9. d3 e6 10. Bb3 Ne7 11. Nxd4 ({RR} 11. Kh1 d5 12. Nxd4 Bxd4 13. Ne2 Bg7 14. c3 O-O 15. e5 c4 16. Bc2 Bb7 17. d4 f6 18. exf6 Bxf6 19. Ng1 Ra8 20. Qe2 Bc8 21. Nf3 Nc6 22. Bd2 a5 23. Rae1 Bd7 24. Qf2 Rb8 25. Qg3 Bg7 {1-0 Filgueira,H (2283)-Al-Blooshi,H (2067) Titled Tue 13th Feb Late 2024 (4)}) 11... cxd4 12. Ne2 d5 13. e5 Nc6 $146 ({RR} 13... Qb6 14. Qe1 Rb7 15. Bd2 Nc6 16. Kh1 O-O 17. g4 a5 18. a4 b4 19. Ng3 Rd8 20. Qf2 Qc7 21. Rae1 Rb8 22. Re2 f6 23. exf6 Bxf6 24. Rfe1 Qg7 25. g5 Be7 26. h4 Bd7 27. Rxe6 Bxe6 28. Rxe6 {½-½ Tan,H (2042)-Lim,C (1689) Penang op 4th 2012 (9)}) 14. Qe1 f6 15. a4 b4 16. a5 O-O 17. exf6 Bxf6 18. Ba4 Rc7 19. Bxc6 Rxc6 20. Qxb4 e5 21. fxe5 Be7 22. Rxf8+ Bxf8 23. Qb3 Re6 24. Bf4 Bc5 25. Qa2 g5 26. Bg3 h5 27. h3 h4 28. Bh2 Rg6 29. Kh1 Be6 30. Qb1 Rg7 31. Qg1 Bf7 32. Nxd4 g4 33. Ne6 Bxe6 34. Qxc5 gxh3 35. gxh3 d4 36. Qb6 Qd5# 0-1

[Event "Olympiad Women 2024"]
[Site "Budapest HUN"]
[Date "2024.09.11"]
[Round "1.22"]
[Board "3"]
[White "Lehaci, Miruna-Daria"]
[Black "Saraci, Rinesa"]
[Result "1-0"]
[WhiteElo "2180"]
[BlackElo "1757"]
[PlyCount "69"]
[EventDate "2024.09.11"]
[WhiteTeam "Romania"]
[BlackTeam "Kosovo"]
[WhiteTeamCountry "ROU"]
[BlackTeamCountry "KOS"]

1. e4 e5 2. Nf3 Nc6 3. d4 exd4 4. Nxd4 Bc5 5. Nb3 Bb6 6. Nc3 d6 7. Qe2 h6 ({RR} 7... Nge7 8. Be3 O-O 9. O-O-O Be6 10. f4 Kh8 11. Kb1 Qe8 12. Bxb6 axb6 13. g4 f6 14. h4 Qf7 15. f5 Bxb3 16. cxb3 Ne5 17. g5 Rad8 18. Bg2 Rd7 19. Rhf1 Rfd8 20. Qe3 Re8 21. Qg3 Red8 22. Qe3 {½-½ Radjabov,T (2748)-Tomashevsky,E (2701) EU-Cup 26th Plovdiv 2010 (5.2)}) 8. Be3 Nge7 $146 ({RR} 8... Nf6 9. O-O-O Bg4 10. f3 Be6 11. Nd5 Bxe3+ 12. Qxe3 O-O 13. h4 Bxd5 14. exd5 Nb4 15. Bc4 Nxa2+ 16. Kb1 Nb4 17. g4 Nd7 18. f4 Nb6 19. Qd4 Nxc4 20. Qxc4 Na6 21. h5 f6 22. Rdg1 Qe7 23. Rg2 {0-1 Czarnomski,D (1379)-Stepien,P (1452) Mazowiec-chT op 1617 2016 (5.11)}) ({RR} 8... Nf6 9. O-O-O Qe7 10. f3 Be6 11. g4 O-O-O 12. Bg2 d5 13. Bxb6 axb6 14. e5 Nh7 15. f4 d4 16. Nb5 Bxb3 17. cxb3 Qc5+ 18. Qc4 d3 19. Qxc5 bxc5 20. Bxc6 bxc6 21. Na3 Rd4 22. Rhf1 Rhd8 23. Kd2 {½-½ Karthick,A (1706)-Ganti,S (1816) Robinson Cup 2024 (4.3)}) ({RR} 8... Nf6 9. O-O-O O-O 10. f3 Bxe3+ 11. Qxe3 Be6 12. g4 Nh7 13. h4 a6 14. Bd3 Ne5 15. g5 h5 16. Nd4 g6 17. Be2 Bc4 18. f4 Bxe2 19. Qxe2 Nc6 20. e5 Re8 21. Qe4 Qd7 22. e6 fxe6 23. Nxc6 {1-0 Sanchez Alvarez,K (2257)-Silva,J (1977) American Continental 13th 2017 (6)}) 9. O-O-O Bxe3+ 10. Qxe3 O-O 11. f4 Qe8 12. Re1 f5 13. exf5 Bxf5 14. g4 Bd7 15. Bc4+ Kh8 16. g5 Nf5 17. Qd2 Qh5 18. Nd5 Rac8 19. Rhg1 Rfe8 20. Rxe8+ Bxe8 21. gxh6 Nxh6 22. Qc3 Qf7 23. Nb6 Qf8 24. Nxc8 Bd7 25. Rg6 Qxf4+ 26. Nd2 Ne5 27. Ne7 Nf5 28. Nxf5 Bxf5 29. Rg1 Qf2 30. Qg3 Qxg3 31. hxg3 g6 32. Be2 Kg7 33. g4 Bd7 34. g5 Bf5 35. Nc4 1-0

[Event "Olympiad Women 2024"]
[Site "Budapest HUN"]
[Date "2024.09.11"]
[Round "1.22"]
[Board "4"]
[White "Saraci, Ndriqona"]
[Black "Ciolacu, Alessia-Mihaela"]
[Result "0-1"]
[WhiteElo "1656"]
[BlackElo "2160"]
[PlyCount "112"]
[EventDate "2024.09.11"]
[WhiteTeam "Kosovo"]
[BlackTeam "Romania"]
[WhiteTeamCountry "KOS"]
[BlackTeamCountry "ROU"]

1. e4 c5 2. Nf3 d6 3. Bb5+ Nd7 4. c4 Ngf6 5. d3 a6 6. Ba4 g6 7. O-O ({RR} 7. Nc3 Bg7 8. O-O O-O 9. h3 Ne5 10. Be3 Nfd7 11. Bc2 e6 12. Nh2 Nc6 13. Qd2 Nd4 14. Bd1 Rb8 15. Bh6 Bxh6 16. Qxh6 b5 17. b3 Ne5 18. Qe3 Nec6 19. f4 f6 20. Bg4 Nc2 21. Qg3 Nxa1 {0-1 Sai Agni Jeevitesh,J (2299)-Volkov,M (2271) Titled Tue 30th Jan Early 2024 (1)}) 7... Bg7 8. e5 $146 ({RR} 8. Nc3 O-O 9. h3 b5 10. cxb5 Nb6 11. bxa6 Nxa4 12. Qxa4 Bxa6 13. Qc2 Qb6 14. Bg5 Rfb8 15. Rfb1 Qb7 16. a4 Qb3 17. Qd2 Rb7 18. Ra3 Qb6 19. Bxf6 exf6 20. Nd5 Qd8 21. b4 cxb4 22. Rxb4 Rab8 {1-0 Boder,J (2334)-Antonova,N (1832) Titled Tuesday intern op 14th Jun Late blitz 2022 (3)}) 8... dxe5 9. Nxe5 O-O 10. Nxd7 Bxd7 11. Bxd7 Qxd7 12. Qf3 Rfd8 13. Rd1 Ng4 14. Nc3 Rac8 15. Nd5 Ne5 16. Qe3 Rc6 17. Rb1 e6 18. Nf4 Nxc4 19. Qe4 Nd6 20. Qf3 Nf5 21. Be3 e5 22. Nh3 Nd4 23. Bxd4 Qxd4 24. Qe4 f5 25. Qxd4 Rxd4 26. f3 Bh6 27. Kf2 c4 28. dxc4 Rcxc4 29. Rxd4 Rc2+ 30. Kg3 exd4 31. f4 d3 32. a4 d2 33. Rd1 Rxb2 34. Kf2 Bf8 35. Ke2 Bb4 36. Nf2 Ra2 37. Nd3 Rxa4 38. Nxb4 Rxb4 39. Rxd2 Re4+ 40. Kf3 Re6 41. Rd8+ Kf7 42. Rd7+ Re7 43. Rd6 Rc7 44. Rb6 a5 45. Ke3 a4 46. Kd3 Ke7 47. h3 Kd8 48. g4 Kc8 49. gxf5 gxf5 50. Rb5 Rc6 51. Rxf5 a3 52. Ra5 Ra6 53. Rc5+ Kd7 54. Rc1 a2 55. Ra1 Ke6 56. Kc4 Kf5 0-1

[Event "Olympiad Women 2024"]
[Site "Budapest HUN"]
[Date "2024.09.11"]
[Round "1.23"]
[Board "1"]
[White "Ghitza, Elena"]
[Black "Avramidou, Anastasia"]
[Result "0-1"]
[WhiteElo "1817"]
[BlackElo "2290"]
[PlyCount "88"]
[EventDate "2024.09.11"]
[WhiteTeam "Malta"]
[BlackTeam "Greece"]
[WhiteTeamCountry "MLT"]
[BlackTeamCountry "GRE"]

1. c4 {Sajtar,J/Primel,D} Nf6 2. Nc3 g6 3. d4 Bg7 4. e4 d6 5. Be2 O-O 6. Be3 e5 7. d5 ({RR} 7. Nf3) 7... Na6 ({RR} 7... Nbd7) ({RR} 7... a5) 8. f3 ({RR} 8. g4 Nc5 9. f3 c6 10. h4 cxd5 11. cxd5 h5 12. g5 Ne8 13. Nh3 a5 14. Nf2 Nc7 15. Nd3 b6 16. a3 Ba6 17. Rb1 f6 18. b4 Bxd3 19. Bxd3 axb4 20. axb4 Nxd3+ 21. Qxd3 fxg5 22. Bxg5 Bf6 {1-0 Riazantsev,A (2658)-Demchenko,A (2589) RUS-ch Higher League 68th 2015 (7)}) 8... Nh5 9. Qd2 f5 ({RR} 9... Qh4+ 10. g3 Qe7 ({RR} 10... Nxg3 11. Bf2) 11. O-O-O Nc5) ({RR} 9... Nf4 10. Bd1 Nc5 11. Bc2 a5 12. g3 Nh5 13. Nge2 f5 14. exf5 Bxf5 15. Bxf5 gxf5 16. O-O-O Nf6 17. Kb1 Qe8 18. Nb5 Qd7 19. h4 Rf7 20. h5 Kh8 21. h6 Bf8 22. Qc3 a4 23. Nc1 Re8 24. Bg5 {1-0 Lomsadze,I (2085)-Engesser,J (2100) TCh-AUT 2nd West 2023-24 (5.6)}) 10. Bg5 $146 ({RR} 10. exf5 gxf5 11. Bg5 Qe8 12. Bd3 ({RR} 12. O-O-O Nc5) 12... e4 13. fxe4 ({RR} 13. Be2 Nc5 14. O-O-O Qg6) 13... fxe4 14. Bc2 Nb4 15. O-O-O Qe5 16. Bb1 ({RR} 16. Kb1) 16... Rf2 ({RR} 16... Nf4 17. Bxf4 ({RR} 17. a3 Nbd3+) 17... Rxf4 18. a3 Bh6) 17. Nge2 ({RR} 17. Qxf2 Qxg5+ 18. Qd2 e3 19. Qe1 e2+ 20. Rd2 Nf4 ({RR} 20... Bg4) 21. Nf3 Nbd3+ 22. Bxd3 Nxd3+ 23. Kb1 Qg6) 17... Nd3+ 18. Kc2 Nxb2 {0-1 Frezouls,C-Mora Corbera,J WchT Students 02nd 1955 (1)} {RR} 19. Kxb2 Rxe2 20. Qxe2 Qxc3#) ({RR} 10. g3 Nc5 11. Bg5 Qe8 12. b4 Na6 13. a3 Nb8 14. c5 Bd7 15. Bc4 Kh8 16. cxd6 cxd6 17. Nge2 fxe4 18. Nxe4 Rxf3 19. Ng1 Qf8 20. Nxf3 Qxf3 21. Nf2 e4 22. Rc1 Na6 23. Be3 Re8 24. Rc2 Ba4 {1-0 Kovacs,L-Dely,P Budapest-ch04 1963}) 10... Qe8 11. Nb5 Bd7 12. b4 Nf4 13. Bf1 h6 14. Bh4 g5 15. Bf2 fxe4 16. fxe4 Qg6 17. Nc3 Nxb4 18. Rb1 a5 19. a3 b6 20. g3 Nh5 21. Bg2 Na6 22. Nf3 Bg4 23. Qe3 Rf7 24. O-O Raf8 25. Nd2 Nc5 26. h3 Bc8 27. Kh2 g4 28. h4 Nf4 29. Bg1 h5 30. Ne2 Nxg2 31. Kxg2 Bh6 32. Rxf7 Rxf7 33. Qc3 Nxe4 34. Qc2 Bxd2 35. Rd1 Bh6 36. Nc3 Bf5 37. Re1 Bd2 38. Re3 Bxe3 39. Bxe3 Nxc3 40. Qxc3 Bb1 41. Kg1 Qd3 42. Qe1 Qe4 43. Qd2 Qf3 44. Kh2 Be4 0-1

[Event "Olympiad Women 2024"]
[Site "Budapest HUN"]
[Date "2024.09.11"]
[Round "1.23"]
[Board "2"]
[White "Pavlidou, Ekaterini"]
[Black "Farrugia, Jamie"]
[Result "1-0"]
[WhiteElo "2141"]
[BlackElo "1733"]
[PlyCount "81"]
[EventDate "2024.09.11"]
[WhiteTeam "Greece"]
[BlackTeam "Malta"]
[WhiteTeamCountry "GRE"]
[BlackTeamCountry "MLT"]

1. d4 d5 2. c4 c6 3. Nf3 Nf6 4. e3 e6 5. b3 Be7 6. Bb2 Nbd7 7. Nbd2 O-O 8. Bd3 h6 ({RR} 8... Re8 9. O-O Nf8 10. Ne5 Bd6 11. f4 N6d7 12. Qh5 f5 13. Qf7+ Kh8 14. Rf3 Qe7 15. Rh3 Nxe5 16. Qxe7 Bxe7 17. fxe5 g6 18. Rf1 Bg5 19. Ba3 Nd7 20. Kh1 a5 21. Bd6 a4 22. b4 dxc4 23. Nxc4 {½-½ Argandona Riveiro,I (2341)-Marino Bravo,M (2127) Titled Tue 28th May Late 2024 (3)}) 9. O-O b6 $146 ({RR} 9... Qc7 10. c5 b6 11. cxb6 axb6 12. Qc2 Ba6 13. Rfc1 Bxd3 14. Qxd3 {½-½ Heinrich,R (1695)-Moenkemeyer,M (1646) Ruhrgebiet Bezirksliga 15/16 2015 (2.3)}) ({RR} 9... Nh7 10. e4 Ng5 11. Nxg5 Bxg5 12. f4 Be7 13. e5 f6 14. f5 exf5 15. Bxf5 fxe5 16. dxe5 dxc4 17. Qh5 Nc5 18. Nxc4 Bxf5 19. Rxf5 Qd7 20. Raf1 Rxf5 21. Rxf5 Qe6 22. Rf1 Rd8 23. Rd1 Nd3 24. Bc1 {½-½ Colom Andres,X (1876)-Pascual Gonzalez,N Barcelona Sant Marti op-B 15th 2013 (2)}) 10. Ne5 Bb7 11. Qe2 Rc8 12. Rad1 Bd6 13. f4 c5 14. Bb1 Rc7 15. Rf2 Re8 16. Rdf1 Nf8 17. f5 N8h7 18. h4 Ne4 19. Nxe4 dxe4 20. g3 f6 21. Ng4 Bxg3 22. Rg2 Qd6 23. dxc5 bxc5 24. Rd1 Qe7 25. Rxg3 Kf7 26. fxe6+ Qxe6 27. Rf1 Rd8 28. Qg2 Ke8 29. Nf2 Rd2 30. Bc3 Re2 31. Bxe4 Rxf2 32. Bg6+ Ke7 33. Qxf2 Qc6 34. e4 Nf8 35. Bf5 Kf7 36. b4 g6 37. b5 Qd6 38. Bxg6+ Nxg6 39. Qxf6+ Qxf6 40. Rxf6+ Ke7 41. Rgxg6 1-0

[Event "Olympiad Women 2024"]
[Site "Budapest HUN"]
[Date "2024.09.11"]
[Round "1.23"]
[Board "3"]
[White "Stagno, Milena"]
[Black "Markantonaki, Haritomeni"]
[Result "0-1"]
[WhiteElo "1664"]
[BlackElo "2179"]
[PlyCount "138"]
[EventDate "2024.09.11"]
[WhiteTeam "Malta"]
[BlackTeam "Greece"]
[WhiteTeamCountry "MLT"]
[BlackTeamCountry "GRE"]

1. e4 c5 2. c3 d5 3. exd5 Qxd5 4. d4 Nc6 5. Nf3 Bf5 6. Be3 cxd4 7. cxd4 Bxb1 8. Qxb1 Nf6 9. Be2 e6 10. a3 Be7 11. O-O O-O 12. Qd3 Rfd8 13. Rfd1 Rac8 14. Qb5 $146 ({RR} 14. Rac1 a6 15. h3 h6 16. b4 Qd6 17. b5 axb5 18. Qxb5 Rb8 19. a4 Nd5 20. a5 Nxe3 21. fxe3 Qa3 22. Kf2 Qxa5 23. Qxa5 Nxa5 24. Bb5 Rbc8 25. Ne5 Ba3 26. Ra1 Rc2+ 27. Be2 Rc3 28. Rd3 Bb4 {0-1 Djumaev,B (1999)-Chan,M (2193) Penang op 8th 2016 (8)}) 14... Qxb5 15. Bxb5 Nd5 16. Rac1 Na5 17. Rxc8 Rxc8 18. Rc1 Rxc1+ 19. Bxc1 a6 20. Bd3 Bd6 21. b4 Nc6 22. Bb2 f6 23. Nd2 h6 24. Ne4 Bf8 25. Nc5 Bxc5 26. dxc5 Kf7 27. b5 axb5 28. Bxb5 Na5 29. a4 e5 30. Kf1 Ke6 31. Bd3 Ne7 32. Bc3 Nec6 33. Be4 f5 34. Bf3 e4 35. Bh5 g5 36. Bg7 Nb3 37. Bxh6 Nxc5 38. Bxg5 Nxa4 39. Bd1 b5 40. Bb3+ Ke5 41. h4 Nd4 42. Bf7 b4 43. h5 Ne6 44. Bc1 Kf6 45. Bg8 Nf8 46. h6 Kg6 47. Be3 Nh7 48. Bf4 Nc5 49. Bd2 b3 50. Bc3 Na4 51. Bd2 b2 52. Ba2 Nf6 53. Ke1 Nd5 54. Kd1 Nac3+ 55. Bxc3 Nxc3+ 56. Kc2 Nxa2 57. Kxb2 Nb4 58. Kc3 Nd3 59. f3 Nc5 60. g4 fxg4 61. fxg4 Kxh6 62. Kd4 Kg5 63. Ke3 Kxg4 64. Ke2 Kf4 65. Kf2 e3+ 66. Ke2 Ke4 67. Ke1 Kd3 68. Kd1 e2+ 69. Ke1 Nb3 0-1

[Event "Olympiad Women 2024"]
[Site "Budapest HUN"]
[Date "2024.09.11"]
[Round "1.23"]
[Board "4"]
[White "Makropoulou, Marina"]
[Black "Portelli, Martina"]
[Result "1/2-1/2"]
[WhiteElo "2103"]
[BlackElo "1523"]
[PlyCount "111"]
[EventDate "2024.09.11"]
[WhiteTeam "Greece"]
[BlackTeam "Malta"]
[WhiteTeamCountry "GRE"]
[BlackTeamCountry "MLT"]

1. e4 c5 2. Nf3 Nc6 3. Bb5 g6 4. O-O Bg7 5. c3 Nf6 6. Re1 O-O 7. d4 cxd4 8. cxd4 d5 9. e5 Nd7 ({RR} 9... Ne8 10. Be3 Nc7 11. Bxc6 bxc6 12. Nbd2 Ne6 13. Nb3 f6 14. exf6 exf6 15. Rc1 Qb6 16. Bd2 Re8 17. Ba5 Qb5 18. Qd2 Rb8 19. h3 Bf8 20. Nc5 Kf7 21. b3 Nxc5 22. Rxe8 Ne4 23. Rxf8+ Kxf8 24. Qf4 {1-0 Izeta Txabarri,F (2380)-Oll,L (2560) Oviedo rapid 1991 (5)}) ({RR} 9... Ne8 10. Bxc6 bxc6 11. h3 Nc7 12. Be3 Ne6 13. Qd2 f5 14. exf6 exf6 15. h4 f5 16. Bh6 f4 17. Bxg7 Nxg7 18. Qc1 Bg4 19. Nbd2 Rc8 20. Qc5 Nf5 21. Qxa7 Bxf3 22. Nxf3 Nxh4 23. Re7 Nf5 24. Rxh7 {1-0 Kraus,T (2481)-Jun,R (2232) 17th Teplice Open 2024 (2.20)}) 10. Nc3 Nb6 11. h3 Bf5 12. g4 $146 ({RR} 12. Nh4 e6 13. Nxf5 gxf5 14. Bxc6 bxc6 15. Qh5 Nd7 16. g4 fxg4 17. Qxg4 Kh8 18. Kh1 Rg8 19. Rg1 Qb6 20. Qh4 c5 21. Bh6 Bxh6 22. Qxh6 cxd4 23. Ne2 d3 24. Ng3 Qd4 25. f4 Rg6 26. Qh5 Rag8 {0-1 Hammel,R (2081)-Hueneburg,C (2093) Mecklenburg VP-ch MT 1998 (6.7)}) 12... Bd7 13. Bf1 e6 14. b3 f6 15. Bg2 a6 16. exf6 Bxf6 17. Bh6 Re8 18. Qd2 Nc8 19. Rac1 Nd6 20. Ne5 Re7 21. Bf4 Nf7 22. Bg3 Qb6 23. Na4 Qxd4 24. Qxd4 Nxd4 25. Nxd7 Rxd7 26. Nb6 Rad8 27. Nxd7 Rxd7 28. Rc8+ Kg7 29. h4 Be7 30. Kf1 h6 31. Rec1 Nc6 32. Ke2 Nd6 33. Ra8 Nb5 34. a4 Nbd4+ 35. Kd1 Nxb3 36. Rxc6 bxc6 37. Rxa6 Nc5 38. Rxc6 Nxa4 39. Rxe6 d4 40. Bc6 Nc3+ 41. Kc2 Ra7 42. Be8 Bf6 43. g5 hxg5 44. hxg5 Bxg5 45. Rxg6+ Kf8 46. Rxg5 Kxe8 47. Kd3 Rd7 48. Be5 Nd1 49. Ke2 Nc3+ 50. Kd3 Nd1 51. Bxd4 Nxf2+ 52. Kc4 Rf7 53. Rg8+ Rf8 54. Rg7 Rf7 55. Rxf7 Kxf7 56. Bxf2 1/2-1/2

[Event "Olympiad Women 2024"]
[Site "Budapest HUN"]
[Date "2024.09.11"]
[Round "1.24"]
[Board "1"]
[White "Brunello, Marina"]
[Black "Strade, Arita"]
[Result "1-0"]
[WhiteElo "2348"]
[BlackElo "1946"]
[PlyCount "115"]
[EventDate "2024.09.11"]
[WhiteTeam "Italy"]
[BlackTeam "Guernsey"]
[WhiteTeamCountry "ITA"]

1. e4 d6 2. d4 e5 3. Nf3 exd4 4. Nxd4 Nf6 5. Nc3 Be7 6. Bd3 O-O 7. h3 Nc6 8. Nxc6 bxc6 9. O-O Nd7 10. Be3 ({RR} 10. b3 Bf6 11. Bb2 Bd4 12. Na4 Bxb2 13. Nxb2 a5 14. a4 Nc5 15. Qd2 Re8 16. Rae1 Qf6 17. Nc4 Nxd3 18. cxd3 Qd4 19. Nxa5 Qb6 20. b4 c5 21. Rb1 cxb4 22. Nc4 Qc6 23. a5 Be6 24. Rxb4 d5 {1-0 Nepomniachtchi,I (2751)-Aronian,L (2789) chess.com Speed 1m+1spm 2017 blitz (1.25)}) ({RR} 10. f4 Re8 11. Qf3 a5 12. Bd2 Nc5 13. Rae1 Nxd3 14. cxd3 Ba6 15. b3 Bf6 16. Kh1 Qd7 17. Ne2 a4 18. Bc3 Bxc3 19. Nxc3 axb3 20. axb3 Qe6 21. Rb1 Qf6 22. Ne2 Bb5 23. Ng3 Ra2 24. Nh5 Qh4 {0-1 Pinheiro,I (2270)-Sjugirov,S (2689) Titled Tue 16th Apr Late 2024 (2)}) 10... Bf6 11. f4 Rb8 $146 ({RR} 11... Re8 12. Qh5 Bb7 13. Rae1 Bxc3 14. bxc3 Nf6 15. Qf3 c5 16. Bf2 c4 17. Bxc4 Bxe4 18. Qd1 Qd7 19. Bd4 Qc6 20. Qe2 Bd5 21. Bxd5 Qxd5 22. Qa6 Ne4 23. Qd3 c5 24. Qb5 Qxa2 25. Bxg7 Kxg7 26. f5 {0-1 Seppelfricke,G (1884)-Quast,M (2220) Gelsenkirchen Silvester op 4th 2016 (1)}) ({RR} 11... Bb7 12. Qh5 g6 13. Qg4 c5 14. Rae1 Re8 15. Bd2 Bg7 16. b3 Nf6 17. Qh4 Nh5 18. Qg4 a6 19. f5 Bd4+ 20. Kh1 Kh8 21. fxg6 fxg6 22. Nd5 Bc8 23. Qf3 Be6 24. g4 Ng7 25. Ba5 Ra7 26. Kg2 {1-0 Sanjola,H-Valkesalmi,K (2375) FIN-chT1B 9899 1998 (2.2)}) 12. Rb1 c5 13. Qf3 Nb6 14. e5 Bb7 15. Qg4 Bc8 16. Qe2 c4 17. Be4 dxe5 18. fxe5 Bxe5 19. Bxh7+ Kxh7 20. Qh5+ Kg8 21. Qxe5 Qd6 22. Qxd6 cxd6 23. Bf4 Rb7 24. Bxd6 Rd8 25. Rbd1 Be6 26. Ba3 Rxd1 27. Rxd1 Bf5 28. Rd2 Nd7 29. Nd5 Kh7 30. Ne3 Be6 31. Rd4 Nb6 32. b3 cxb3 33. axb3 Kg6 34. Kf2 Nd7 35. Ra4 Ne5 36. Ra6 Rc7 37. Ra5 Nd7 38. Bb2 Nb6 39. Be5 Rd7 40. Bb8 Nc8 41. Ra6 Kh7 42. Ke2 Rb7 43. Be5 Rd7 44. Rc6 Rb7 45. Bd4 Bd7 46. Rc5 Rb4 47. Kd3 Rb7 48. Ra5 Be6 49. Bc5 Rd7+ 50. Ke4 f6 51. c4 Bf7 52. Nd5 Bg6+ 53. Kd4 Nb6 54. Bxb6 axb6 55. Ra6 b5 56. c5 Bf7 57. Rd6 Ra7 58. c6 1-0

[Event "Olympiad Women 2024"]
[Site "Budapest HUN"]
[Date "2024.09.11"]
[Round "1.24"]
[Board "2"]
[White "Nevska, Gerda"]
[Black "Zimina, Olga"]
[Result "0-1"]
[WhiteElo "1892"]
[BlackElo "2302"]
[PlyCount "56"]
[EventDate "2024.09.11"]
[WhiteTeam "Guernsey"]
[BlackTeam "Italy"]
[BlackTeamCountry "ITA"]

1. e4 e5 2. f4 exf4 3. Nf3 Ne7 4. d4 d5 5. Bd3 dxe4 ({RR} 5... c5 6. Nc3 cxd4 7. Nxd4 dxe4 8. Nxe4 Ng6 9. h4 Nc6 10. Nxc6 bxc6 11. Qe2 Bb4+ 12. Bd2 Bxd2+ 13. Qxd2 O-O 14. O-O-O Bg4 15. h5 Ne5 16. Qxf4 Qb8 17. Nd6 f6 18. Qe4 g6 19. hxg6 hxg6 20. Rh6 {1-0 Nepomniachtchi,I (2779)-Svidler,P (2688) World Rapid Team 2023 (9.8)}) 6. Bxe4 Nd5 ({RR} 6... Ng6 7. h4 Bd6 8. h5 Ne7 9. c4 c6 10. Nc3 Nf5 11. Ne2 Qe7 12. Qd3 Ng3 13. Nxg3 fxg3 14. Kd1 O-O 15. Bxh7+ Kh8 16. Bg5 Qd7 17. h6 {1-0 Nepomniachtchi,I (2755)-Aliyev,R (2338) Titled Tue 10th Sep Early 2024 (3)}) 7. Bxd5 Qxd5 8. Bxf4 $146 ({RR} 8. O-O Be7 9. Re1 Qd8 10. Qe2 Be6 11. c4 O-O 12. Bxf4 Bf6 13. Qf2 c6 14. Nbd2 Na6 15. a3 Rc8 16. Rac1 Bf5 17. Ne4 Bxe4 18. Rxe4 Nc7 19. Be5 Ne6 20. Rf1 Bxe5 21. Rxe5 Qf6 22. Qe3 Qg6 {1-0 Oehne,T (2046)-Bohnert,D (1861) GER-chT U16 Naumburg 2012 (5)}) 8... Qe4+ 9. Qe2 Qxe2+ 10. Kxe2 Na6 11. Nbd2 Bf5 12. c4 f6 13. a3 O-O-O 14. h4 Be7 15. Rhe1 Rhe8 16. Kf2 h6 17. b4 g5 18. hxg5 hxg5 19. Be3 c6 20. d5 c5 21. b5 Nb8 22. a4 Nd7 23. Nf1 Bd6 24. Ng3 Bd3 25. Nd2 Ne5 26. Ra3 Bc2 27. Nge4 Ng4+ 28. Kf3 Nh2+ 0-1

[Event "Olympiad Women 2024"]
[Site "Budapest HUN"]
[Date "2024.09.11"]
[Round "1.24"]
[Board "3"]
[White "Gueci, Tea"]
[Black "Denning, Julie L"]
[Result "1-0"]
[WhiteElo "2199"]
[BlackElo "1741"]
[PlyCount "71"]
[EventDate "2024.09.11"]
[WhiteTeam "Italy"]
[BlackTeam "Guernsey"]
[WhiteTeamCountry "ITA"]

1. e4 e5 2. Nf3 Nf6 3. Nxe5 d6 4. Nf3 Nxe4 5. Nc3 Nxc3 6. dxc3 Bg4 7. h3 Bh5 8. Qd5 Bxf3 9. Qxf3 Nc6 10. Bb5 Qd7 11. O-O ({RR} 11. Be3 Be7 12. O-O-O a6 13. Bd3 Bf6 14. Bf5 Qd8 15. g4 Ne5 16. Qe2 g6 17. Be4 O-O 18. Bxb7 Rb8 19. Bd5 c6 20. Bb3 Qc7 21. f4 Nd7 22. h4 Rfe8 23. g5 Bg7 24. Qd2 d5 25. h5 Re4 {1-0 Lujan,C (2366)-Navarro Segura,R (2225) Carlos Torre Memorial op 21st 2008 (7)}) 11... Be7 12. Re1 O-O 13. Bf4 a6 $146 ({RR} 13... Bf6 14. Re2 Rfe8 15. Rae1 Rxe2 16. Rxe2 Re8 17. Rxe8+ Qxe8 18. Qe3 Qxe3 19. Bxe3 a6 20. Bxc6 bxc6 21. Kf1 c5 22. Ke2 Kf8 23. Kd3 Ke7 24. b4 cxb4 25. cxb4 Kd7 26. c4 c6 27. a4 d5 28. cxd5 {½-½ Suechting,H-Krause,O Robinow Cup-01 1910 (1.2)}) 14. Bd3 Rae8 15. Be4 Bf6 16. Rad1 Be5 17. Bg5 f5 18. Bd5+ Kh8 19. Bf4 Bxf4 20. Qxf4 Rxe1+ 21. Rxe1 Nb8 22. Qe3 f4 23. Qe7 Qxe7 24. Rxe7 c6 25. Be6 b5 26. Kf1 h6 27. h4 Kh7 28. h5 Rf6 29. Re8 Rxe6 30. Rxe6 d5 31. Re7 c5 32. Rc7 c4 33. Ke2 a5 34. Rb7 Nc6 35. Rxb5 d4 36. Rc5 1-0